| 000 | 00340nam a2200133Ia 4500 | ||
|---|---|---|---|
| 008 | 240624s9999 xx 000 0 und d | ||
| 041 | _aeng | ||
| 082 | _a332.64 PRI | ||
| 100 | _aPRING MARTIN J | ||
| 245 | _aSTUDY GUIDE FOR TECHNICAL ANALYSIS EXP | ||
| 250 | _a(5th ed.) | ||
| 260 |
_c2014 _aNew Delhi _bTata McGraw-Hill |
||
| 365 |
_cRS _b33 |
||
| 999 |
_c25881 _d25881 |
||